000 01475nam a2200265Ia 4500
999 _c53793
_d53793
001 20843
003 GE_BSU
005 20210505223440.0
008 181216s2012||||ge |||||||||||||| ||geo||
020 _a9789941414923
040 _cGE_BSU
041 _ageo
080 _a821.14.1'01-394 ტ-92
100 _aტურნიე, მიშელ
_911749
245 _aპარასკევა ანუ ველური ცხოვრება :
_b"პარასკევა ანუ წყნარი ოკეანის კარიბჭეების" მიხედვით /
_cმიშელ ტურნიე ; ფრანგულიდან თარგმნი ვლადიმერ რაქვიაშვილისა ; ილსტრაცია ვარლამ ჯმუხაძისა.
264 _aთბილისი :
_bსიესტა,
_c2012.
300 _a144 გვ. ;
_c20 სმ.
541 _h6ლ.57თ.
653 _aბერძნული ლიტერატურა
653 _aპარასკევა ანუ ველური ცხოვრება
653 _aძველი ბერძნული მითები
700 _aრაქვიაშვილი, ვლადიმერ
_eფრანგულიდან თარგმნა
_911750
700 _aჯმუხაძე, ვარლამ
_eილუსტრაცია
_911751
942 _cBK
_2udc